[Event "Interno Biblioteca Torre Blanca"]
[Site "?"]
[Date "2006.05.10"]
[Round "1"]
[White "Maucci, Luis Marcelo"]
[Black "Bernal, Gustavo"]
[Result "1/2-1/2"]
[WhiteElo "2010"]
[BlackElo "2138"]
[PlyCount "101"]
[EventDate "2006.05.11"]

1. e4 e5 2. Nc3 Nf6 3. g3 Bc5 4. Bg2 c6 5. Nge2 O-O 6. O-O d5 7. exd5 cxd5 8.
d4 exd4 9. Nxd4 Bb6 10. Bg5 h6 11. Bf4 Nc6 12. Nb3 Bg4 13. Qd2 Qd7 14. Nxd5
Nxd5 15. Qxd5 Rad8 16. Qxd7 Rxd7 17. h3 Bf5 18. c3 g5 19. Be3 Bxe3 20. fxe3 Bg6
21. Nd4 Ne5 22. e4 Nc4 23. Rf2 Re8 24. Nf5 Bxf5 25. exf5 Re3 26. g4 Ne5 27.
Raf1 f6 28. Rc2 h5 29. gxh5 Kg7 30. Rff2 Kh6 31. Rcd2 Re7 32. Rd6 g4 33. Rxf6+
Kxh5 34. Re6 Rf7 35. hxg4+ Kxg4 36. f6 Re1+ 37. Rf1 Rxf1+ 38. Kxf1 Kf4 39. Bd5
Rd7 40. c4 Kf5 41. Ke2 b6 42. Re7 Kxf6 43. Rxd7 Nxd7 44. Ke3 Ke5 45. b4 Nf6 46.
Bf7 Ng4+ 47. Kd3 Nf2+ 48. Kc3 Ne4+ 49. Kd3 Nf2+ 50. Kc3 Ne4+ 51. Kd3 1/2-1/2

[Event "Interno Biblioteca Torre Blanca"]
[Site "?"]
[Date "2006.05.10"]
[Round "1"]
[White "Arguiñariz, Enrique"]
[Black "Gibson, Tomás"]
[Result "0-1"]
[WhiteElo "2083"]
[BlackElo "2167"]
[PlyCount "72"]
[EventDate "2006.05.11"]

1. d4 c6 2. c4 d5 3. cxd5 cxd5 4. Nf3 Nc6 5. Nc3 Nf6 6. Bf4 Bf5 7. e3 e6 8. Be2
Bb4 9. a3 Bxc3+ 10. bxc3 O-O 11. O-O Rc8 12. Rc1 Qe7 13. Qb3 Nh5 14. Bg5 f6 15.
Bh4 g5 16. Bg3 Bg4 17. Qa4 a6 18. c4 dxc4 19. Qxc4 Nxg3 20. hxg3 Qxa3 21. Ra1
Qd6 22. Rfc1 Bf5 23. Qb3 Rf7 24. Nd2 Rfc7 25. Nc4 Qb4 26. Rc3 Qxb3 27. Rxb3 Ne7
28. Nd6 Rc1+ 29. Rxc1 Rxc1+ 30. Bf1 b5 31. Nxf5 Nxf5 32. Ra3 Nd6 33. Rxa6 Ne4
34. Ra2 b4 35. f3 Nxg3 36. Rf2 b3 0-1

[Event "Interno Biblioteca Torre Blanca"]
[Site "?"]
[Date "2006.05.10"]
[Round "1"]
[White "Justo, Virginia"]
[Black "Montoro, Gustavo E"]
[Result "1/2-1/2"]
[WhiteElo "2172"]
[BlackElo "2097"]
[PlyCount "36"]
[EventDate "2006.05.11"]

1. e4 e6 2. d4 d5 3. exd5 exd5 4. Nf3 Bg4 5. h3 Bh5 6. Qe2+ Qe7 7. Be3 Nc6 8.
Nc3 O-O-O 9. O-O-O Nf6 10. g4 Bg6 11. Ne5 Nb4 12. Nxg6 hxg6 13. a3 Nc6 14. Bg2
Ne4 15. Qd3 Nxc3 16. Qxc3 Qd6 17. Kb1 Be7 18. Rhe1 Qh2 1/2-1/2

[Event "Interno Biblioteca Torre Blanca"]
[Site "?"]
[Date "2006.05.10"]
[Round "1"]
[White "Pedró, Fernando"]
[Black "Sanz, Pablo"]
[Result "1/2-1/2"]
[WhiteElo "2154"]
[BlackElo "2057"]
[PlyCount "78"]
[EventDate "2006.05.11"]

1. e4 c6 2. d4 d5 3. Nd2 dxe4 4. Nxe4 Nd7 5. Bd3 Ngf6 6. Ng5 e6 7. Qe2 Bd6 8.
N1f3 h6 9. Ne4 Nxe4 10. Qxe4 Qc7 11. Bd2 b6 12. c4 Bb7 13. Qe2 Nf6 14. O-O O-O
15. Bc3 Rfe8 16. Ne5 c5 17. dxc5 Bxc5 18. Ng4 Nxg4 19. Qxg4 Bf8 20. Rfe1 Qd8
21. Bc2 Qg5 22. Qh3 Rac8 23. b3 Red8 24. Re5 Qf4 25. Rxe6 fxe6 26. Qxe6+ Kh8
27. Qg6 Kg8 28. Qe6+ Kh8 29. Qg6 Kg8 30. Qh7+ Kf7 31. Bg6+ Ke6 32. Re1+ Kd6 33.
Bf5 Re8 34. Qg6+ Kc7 35. Rxe8 Rxe8 36. Qxe8 Qxf5 37. Be5+ Bd6 38. Qe7+ Kc8 39.
Qe8+ Kc7 1/2-1/2

[Event "Interno Biblioteca Torre Blanca"]
[Site "?"]
[Date "2006.05.14"]
[Round "2"]
[White "Sanz, Pablo"]
[Black "Justo, Virginia"]
[Result "1/2-1/2"]
[WhiteElo "2057"]
[BlackElo "2172"]
[PlyCount "107"]
[EventDate "2006.05.11"]

1. e4 c5 2. Nf3 Nc6 3. g3 g6 4. Bg2 Bg7 5. O-O e6 6. d3 Nge7 7. Re1 d6 8. c3
O-O 9. d4 e5 10. dxc5 dxc5 11. Be3 b6 12. Na3 a6 13. Nc4 Qc7 14. a4 Be6 15. Qe2
h6 16. Nfd2 Rab8 17. a5 b5 18. Nb6 Nxa5 19. Rxa5 Rxb6 20. b4 Rc6 21. Rea1 cxb4
22. cxb4 Rc1+ 23. Rxc1 Qxc1+ 24. Nf1 Qc6 25. Qd2 Kh7 26. Bc5 Re8 27. Ne3 Qb7
28. f4 Nc6 29. Ra3 Rd8 30. Nd5 Nb8 31. Rd3 Rc8 32. f5 Bxd5 33. fxg6+ fxg6 34.
Rxd5 Qf7 35. Bh3 Re8 36. Qf2 Qxf2+ 37. Kxf2 Bf8 38. Ke3 Kg7 39. Bg4 Kf7 40. h4
h5 41. Bh3 Bh6+ 42. Kd3 Bf8 43. Kc3 Kf6 44. Bxf8 Rxf8 45. Kd2 Re8 46. Ke3 Re7
47. Rd6+ Kf7 48. Bc8 Rc7 49. Bxa6 Nxa6 50. Rxa6 Rc4 51. Ra7+ Kf6 52. Ra6+ Kf7
53. Ra7+ Ke6 54. Ra6+ 1/2-1/2

[Event "Interno Biblioteca Torre Blanca"]
[Site "?"]
[Date "2006.05.15"]
[Round "2"]
[White "Montoro, Gustavo E"]
[Black "Maucci, Luis Marcelo"]
[Result "1-0"]
[WhiteElo "2097"]
[BlackElo "2010"]
[PlyCount "93"]
[EventDate "2006.05.11"]

1. e4 Nf6 2. Nc3 d5 3. exd5 Nxd5 4. Bc4 Nb6 5. Bb3 Nc6 6. Nf3 Bf5 7. Ng5 e6 8.
d3 Be7 9. h4 h6 10. Nge4 Bxh4 11. g4 Bxe4 12. Nxe4 Qe7 13. g5 hxg5 14. Bxg5 f6
15. Rxh4 O-O-O 16. Qg4 fxg5 17. Qxe6+ Qxe6 18. Bxe6+ Kb8 19. Rxh8 Rxh8 20.
O-O-O Nd4 21. Bg4 Rf8 22. Rg1 c6 23. c3 Nf3 24. Rg3 Ne5 25. Be2 g4 26. Bxg4
Nxg4 27. Rxg4 Rf7 28. Kd2 Nd5 29. c4 Nf6 30. Nxf6 gxf6 31. Ke3 Kc7 32. Rd4 Rh7
33. Rf4 Rf7 34. Ke4 Kd6 35. Kf5 Ke7 36. Re4+ Kf8 37. f4 Rd7 38. Re3 Rd4 39. b4
b5 40. c5 Kf7 41. a3 a6 42. Rh3 Rd5+ 43. Ke4 Ke6 44. Rh8 f5+ 45. Ke3 a5 46.
bxa5 Rxc5 47. a6 1-0

[Event "Interno Biblioteca Torre Blanca"]
[Site "?"]
[Date "2006.05.15"]
[Round "2"]
[White "Gibson, Tomás"]
[Black "Quarracino, Santiago"]
[Result "*"]
[WhiteElo "2167"]
[BlackElo "2109"]
[PlyCount "57"]
[EventDate "2006.05.11"]

1. d4 e6 2. c4 d5 3. Nc3 c5 4. cxd5 cxd4 5. Qa4+ Bd7 6. Qxd4 exd5 7. Nf3 Nc6 8.
Qd3 Be6 9. Be3 Nf6 10. g3 Bb4 11. Bg2 Ne4 12. O-O Bxc3 13. bxc3 Qa5 14. Nd4 Ne5
15. Qc2 Nf6 16. Nxe6 fxe6 17. Bd4 Ned7 18. e4 e5 19. Be3 Rc8 20. exd5 Rxc3 21.
Qf5 Qa6 22. Rac1 Rxc1 23. Rxc1 O-O 24. Rc7 Ne8 25. Qxd7 Nxc7 26. Qxc7 Rf7 27.
Qxe5 Qxa2 28. Bc5 Qa1+ 29. Qxa1 *

[Event "Interno Biblioteca Torre Blanca"]
[Site "?"]
[Date "2006.05.15"]
[Round "2"]
[White "Bernal, Gustavo"]
[Black "Aberbach, Angel"]
[Result "1/2-1/2"]
[WhiteElo "2138"]
[BlackElo "2080"]
[PlyCount "40"]
[EventDate "2006.05.11"]

1. d4 d5 2. c4 e6 3. Nc3 Nf6 4. Nf3 Be7 5. Bg5 O-O 6. e3 h6 7. Bh4 b6 8. Qc2
Bb7 9. cxd5 exd5 10. Be2 c5 11. dxc5 bxc5 12. O-O Nbd7 13. Rfd1 Qb6 14. Rac1
Rac8 15. Bb5 Rfd8 16. Bxd7 Rxd7 17. Qf5 Qe6 18. Qxe6 fxe6 19. Ne2 Ba6 20. Nc3
Rb7 1/2-1/2

[Event "Interno Biblioteca Torre Blanca"]
[Site "?"]
[Date "2006.05.17"]
[Round "3"]
[White "Justo, Virginia"]
[Black "Bernal, Gustavo"]
[Result "1-0"]
[WhiteElo "2172"]
[BlackElo "2138"]
[PlyCount "99"]
[EventDate "2006.05.11"]

1. e4 e5 2. Nf3 Nc6 3. Bb5 a6 4. Bxc6 dxc6 5. O-O f6 6. d4 exd4 7. Nxd4 c5 8.
Nb3 Qxd1 9. Rxd1 Bd7 10. Nc3 Bd6 11. Na5 O-O-O 12. Nc4 Be6 13. Nxd6+ cxd6 14.
Bf4 d5 15. Nxd5 Bxd5 16. Rxd5 Rxd5 17. exd5 Ne7 18. c4 Kd7 19. Re1 Ng6 20. Bg3
Re8 21. Rxe8 Kxe8 22. Kf1 Kd7 23. Ke2 Ne7 24. Kd3 Nf5 25. f3 Ne7 26. Bf2 Kd6
27. g4 Ng6 28. Bg3+ Kd7 29. Ke4 Ne7 30. h4 Nc8 31. h5 Ne7 32. a3 Nc8 33. b4
cxb4 34. axb4 Ne7 35. Bf2 Nc8 36. c5 Ne7 37. Bd4 Ng8 38. f4 g6 39. hxg6 hxg6
40. f5 g5 41. Bc3 Kc7 42. Kd3 Kd7 43. Kc4 Ke7 44. b5 Nh6 45. bxa6 bxa6 46. d6+
Kd7 47. Bxf6 Nxg4 48. Bxg5 Kc6 49. Kd4 a5 50. f6 1-0

[Event "Interno Biblioteca Torre Blanca"]
[Site "?"]
[Date "2006.05.17"]
[Round "3"]
[White "Quarracino, Santiago"]
[Black "Montoro, Gustavo E"]
[Result "1/2-1/2"]
[WhiteElo "2109"]
[BlackElo "2097"]
[PlyCount "64"]
[EventDate "2006.05.11"]

1. e4 e6 2. d4 d5 3. Nc3 Nf6 4. e5 Nfd7 5. f4 c5 6. Nf3 Nc6 7. Be3 cxd4 8. Nxd4
Bc5 9. Qd2 Nxd4 10. Bxd4 Bxd4 11. Qxd4 Qb6 12. O-O-O Qxd4 13. Rxd4 Nb6 14. a4
Ke7 15. Kd2 a6 16. a5 Nd7 17. Na4 f6 18. c4 fxe5 19. fxe5 dxc4 20. Bxc4 Nxe5
21. Nb6 Rb8 22. Re4 Nc6 23. Nxc8+ Rbxc8 24. Rxe6+ Kd7 25. Rhe1 Rhe8 26. Bd5
Nxa5 27. R6e4 Rxe4 28. Rxe4 Rd8 29. Kc3 Kc7 30. Re5 h6 31. Bf3 Nc6 32. Rc5 Kb6
1/2-1/2

[Event "Interno Biblioteca Torre Blanca"]
[Site "?"]
[Date "2006.05.17"]
[Round "3"]
[White "Arguiñariz, Enrique"]
[Black "Sanz, Pablo"]
[Result "0-1"]
[WhiteElo "2083"]
[BlackElo "2057"]
[PlyCount "62"]
[EventDate "2006.05.11"]

1. d4 c5 2. d5 e5 3. e4 d6 4. g3 Be7 5. c4 Bg5 6. Nd2 h5 7. h4 Bh6 8. Bh3 Nf6
9. Bxc8 Qxc8 10. Nh3 Bxd2+ 11. Qxd2 Nxe4 12. Qe2 Qg4 13. Qd3 Na6 14. Bf4 Nf6
15. Bd2 Qe4+ 16. Qxe4 Nxe4 17. O-O-O Nxd2 18. Rxd2 f6 19. Re1 Kd7 20. a3 Nc7
21. a4 a6 22. a5 Rab8 23. Kc2 b5 24. axb6 Rxb6 25. Rd3 Rb4 26. b3 a5 27. Ra1
Ra8 28. Ra4 Rxa4 29. bxa4 Rb8 30. Rb3 Rb4 31. Rxb4 cxb4 0-1

[Event "Interno Biblioteca Torre Blanca"]
[Site "?"]
[Date "2006.05.17"]
[Round "3"]
[White "Aberbach, Ángel"]
[Black "Maucci, Luis Marcelo"]
[Result "1/2-1/2"]
[WhiteElo "2080"]
[BlackElo "2010"]
[PlyCount "65"]
[EventDate "2006.05.11"]

1. d4 Nf6 2. c4 e6 3. Nc3 Bb4 4. Qc2 c5 5. e3 Nc6 6. Nf3 O-O 7. a3 Bxc3+ 8.
Qxc3 b6 9. Be2 Bb7 10. O-O Qe7 11. b3 Rac8 12. Bb2 Ne4 13. Qd3 Nb8 14. Nd2 Nxd2
15. Qxd2 d6 16. f4 Nd7 17. Rae1 Nf6 18. Bf3 Ne4 19. Qd3 f5 20. g4 d5 21. gxf5
exf5 22. cxd5 Bxd5 23. dxc5 Rfd8 24. cxb6 Bc4 25. Qxc4+ Rxc4 26. bxc4 axb6 27.
Bd4 Nd2 28. Bd5+ Rxd5 29. cxd5 Nxf1 30. Rxf1 Qd6 31. Rb1 Qxd5 32. Rxb6 Kf7 33.
Ra6 1/2-1/2

[Event "Interno Biblioteca Torre Blanca"]
[Site "?"]
[Date "2006.05.17"]
[Round "3"]
[White "Pedró, Fernando"]
[Black "Gibson, Tomás"]
[Result "1/2-1/2"]
[WhiteElo "2167"]
[BlackElo "2154"]
[PlyCount "61"]
[EventDate "2006.05.11"]

1. e4 c6 2. Nc3 d5 3. d4 dxe4 4. Nxe4 Bf5 5. Ng3 Bg6 6. f4 e6 7. Nf3 Nf6 8. Bc4
Nbd7 9. Qe2 Be7 10. O-O O-O 11. c3 Nb6 12. Bb3 c5 13. f5 exf5 14. Ne5 cxd4 15.
Nxf5 Bc5 16. Nd3 Bh5 17. Qe5 Nbd7 18. Qg3 Bg6 19. Nxc5 Nxc5 20. Nxd4 Nxb3 21.
axb3 Re8 22. Be3 Nd5 23. Bf2 Re4 24. Rfe1 Nf6 25. Qf3 Qd5 26. c4 Qe5 27. Rxe4
Bxe4 28. Qg3 Qxg3 29. Bxg3 a6 30. Rd1 h6 31. h3 1/2-1/2

[Event "Interno Biblioteca Torre Blanca"]
[Site "?"]
[Date "2006.05.21"]
[Round "4"]
[White "Sanz, Pablo"]
[Black "Aberbach, Angel"]
[Result "1/2-1/2"]
[WhiteElo "2057"]
[BlackElo "2080"]
[PlyCount "42"]
[EventDate "2006.05.11"]

1. e4 a6 2. d4 e6 3. Nf3 c5 4. d5 exd5 5. exd5 d6 6. c4 Nf6 7. Bd3 Be7 8. O-O
O-O 9. Nc3 Bg4 10. Bf4 Nbd7 11. a4 b6 12. h3 Bh5 13. g4 Bg6 14. Bxg6 hxg6 15.
Qd2 Re8 16. Ng5 Ne5 17. Bxe5 dxe5 18. Rfd1 Bd6 19. Nge4 Nxe4 20. Nxe4 f5 21.
Nxd6 Qxd6 1/2-1/2

[Event "Interno Biblioteca Torre Blanca"]
[Site "?"]
[Date "2006.05.22"]
[Round "4"]
[White "Montoro, Gustavo E"]
[Black "Pedró, Fernando"]
[Result "0-1"]
[WhiteElo "2097"]
[BlackElo "2154"]
[PlyCount "106"]
[EventDate "2006.05.11"]

1. e4 Nf6 2. Nc3 e5 3. Nf3 Nc6 4. Bb5 Nd4 5. Ba4 Bc5 6. Nxe5 O-O 7. Nd3 Bb6 8.
e5 Ne8 9. Nd5 d6 10. c3 Qg5 11. Ne3 Nc6 12. f4 Qh4+ 13. g3 Qd8 14. Nc4 Bf5 15.
Nxb6 axb6 16. Bxc6 bxc6 17. Qf3 f6 18. e6 {(=)} 18... Qe7 19. O-O Qxe6 20. Re1
Qd7 21. Nb4 d5 22. d3 Nd6 23. Bd2 Nb7 24. Re3 Rfe8 25. Rae1 Rxe3 26. Rxe3 Bg4
27. Qg2 Re8 28. Rxe8+ Qxe8 29. Nxd5 Qd7 30. Nb4 Na5 31. b3 Kf7 32. Be3 Bf5 33.
d4 Qe6 34. Qd2 {(=)} 34... Be4 35. c4 Qg4 36. Kf2 Qf3+ 37. Ke1 Qh1+ 38. Ke2
Qxh2+ 39. Bf2 Qh5+ 40. Ke1 Qh1+ 41. Ke2 f5 42. Qb2 Nb7 43. d5 c5 44. Qe5 Qf3+
45. Ke1 cxb4 46. Qxc7+ Kg6 47. Qxb6+ Kh5 48. Qxb7 Qc3+ 49. Kf1 Qd3+ 50. Ke1 Bf3
51. Qf7+ Kg4 52. Qxg7+ Kh3 53. Qxh7+ Kg2 0-1

[Event "Interno Biblioteca Torre Blanca"]
[Site "?"]
[Date "2006.05.22"]
[Round "4"]
[White "Gibson, Tomás"]
[Black "Justo, Virginia"]
[Result "1/2-1/2"]
[WhiteElo "2167"]
[BlackElo "2172"]
[PlyCount "99"]
[EventDate "2006.05.11"]

1. d4 Nf6 2. c4 g6 3. Nc3 d5 4. e3 Bg7 5. Nf3 O-O 6. b4 Bg4 7. Qb3 c6 8. Ne5
Be6 9. Bb2 Nfd7 10. cxd5 cxd5 11. Nd3 Nc6 12. Be2 Nf6 13. O-O Ne4 14. b5 Na5
15. Qb4 Nc4 16. Nxe4 Nxb2 17. Ndc5 dxe4 18. Nxe6 fxe6 19. Qxb2 e5 20. dxe5 Qc7
21. Rac1 Qxe5 22. Bc4+ Kh8 23. Qxe5 Bxe5 24. Bd5 Rab8 25. Bxe4 b6 26. f4 Bd6
27. Kf2 Bc5 28. Ke2 Rbd8 29. Rfd1 Kg7 30. g3 h6 31. Bc6 g5 32. Rxd8 Rxd8 33.
Rc4 gxf4 34. Rxf4 Bd6 35. Ra4 Bb8 36. Rg4+ Kf7 37. h4 e6 38. h5 Rg8 39. Rxg8
Kxg8 40. Kf3 Kf7 41. g4 Kf6 42. Bd7 Bd6 43. Ke4 Bc5 44. Kf3 Bd6 45. e4 Bb4 46.
Kf4 Bd2+ 47. Kg3 Bc1 48. Kf3 Ke5 49. Ke2 Kxe4 50. Bxe6 1/2-1/2

[Event "Interno Biblioteca Torre Blanca"]
[Site "?"]
[Date "2006.05.22"]
[Round "4"]
[White "Bernal, Gustavo"]
[Black "Arguiñariz, Enrique"]
[Result "1-0"]
[WhiteElo "2138"]
[BlackElo "2083"]
[PlyCount "91"]
[EventDate "2006.05.11"]

1. d4 d5 2. c4 e6 3. Nc3 Be7 4. Nf3 Nf6 5. Bg5 Nbd7 6. e3 O-O 7. Qc2 c6 8. cxd5
exd5 9. Bd3 Re8 10. O-O h6 11. Bf4 b6 12. Nb5 Ba6 13. Nc7 Bxd3 14. Qxd3 Nh5 15.
Nxa8 Nxf4 16. exf4 Qxa8 17. Ne5 Nf6 18. Rac1 c5 19. dxc5 Bxc5 20. a3 a5 21. Qb5
Ne4 22. b4 axb4 23. axb4 Bd4 24. Qd7 Rf8 25. Nc6 Nf6 26. Qc7 Ne8 27. Qd7 Nf6
28. Qf5 Bb2 29. Rc2 Ba1 30. Qd3 Qa4 31. Qd1 d4 32. Ne7+ Kh7 33. Qd3+ Kh8 34. b5
Bc3 35. g3 Re8 36. Nc6 Nd5 37. Re2 Rxe2 38. Qxe2 Nf6 39. Ne5 Qb3 40. Qd3 Qd5
41. Rd1 Kg8 42. Qf5 Qxb5 43. Rb1 Qc5 44. Qd3 Nd5 45. Rb5 Qd6 46. Qc4 1-0

[Event "Interno Biblioteca Torre Blanca"]
[Site "?"]
[Date "2006.05.24"]
[Round "5"]
[White "Sanz, Pablo"]
[Black "Gibson, Tomas"]
[Result "0-1"]
[WhiteElo "2057"]
[BlackElo "2167"]
[PlyCount "96"]
[EventDate "2006.05.11"]

1. Nf3 d5 2. g3 Nf6 3. d3 c6 4. Bg2 Nbd7 5. O-O e5 6. Nbd2 Bd6 7. e4 dxe4 8.
dxe4 O-O 9. Qe2 Re8 10. a4 b6 11. b3 Nc5 12. b4 Ba6 13. b5 Bb7 14. Nh4 a6 15.
Bb2 axb5 16. axb5 Na4 17. Rab1 cxb5 18. Rfd1 Nxb2 19. Rxb2 Bc6 20. Nf5 Ba3 21.
Nc4 Qc7 22. Nxa3 Rxa3 23. Nd6 Rd8 24. Nxb5 Rxd1+ 25. Qxd1 Bxb5 26. Rxb5 Rc3 27.
Rb2 g6 28. Qd2 Kg7 29. h3 Rc4 30. f3 Rc3 31. Qf2 Nd7 32. Bf1 Nc5 33. Bb5 Ne6
34. Bd3 Nd4 35. f4 f6 36. fxe5 fxe5 37. Kg2 Ra3 38. Rb1 Ra2 39. Rf1 Qe7 40. Rb1
b5 41. Qd2 Qc5 42. Qf2 b4 43. Rf1 Qe7 44. Kh1 b3 45. Qd2 bxc2 46. Bc4 Rb2 47.
Rf7+ Qxf7 48. Bxf7 Kxf7 0-1

[Event "Interno Biblioteca Torre Blanca"]
[Site "?"]
[Date "2006.05.24"]
[Round "5"]
[White "Pedro, Fernando"]
[Black "Quarracino, Santiago"]
[Result "1/2-1/2"]
[WhiteElo "2154"]
[BlackElo "2109"]
[PlyCount "159"]
[EventDate "2006.05.11"]

1. e4 Nf6 2. e5 Nd5 3. d4 d6 4. Nf3 Bg4 5. c4 Nb6 6. exd6 exd6 7. h3 Bh5 8. Nc3
Nc6 9. Be3 Be7 10. Be2 Bxf3 11. gxf3 g6 12. b3 Bf6 13. Qd2 Qe7 14. f4 O-O-O 15.
a4 a5 16. O-O Kb8 17. Bf3 Nb4 18. Na2 c5 19. Nxb4 cxb4 20. Rfe1 Qd7 21. Bg4 Qc6
22. Qe2 h5 23. Bf3 Qd7 24. Bg2 d5 25. c5 Nc8 26. Qb5 Qc7 27. Rac1 Na7 28. Qb6
Nc6 29. Qxc7+ Kxc7 30. Red1 Rhe8 31. Rd3 Ne7 32. Rcd1 Nf5 33. Kf1 Kc6 34. Bc1
Re7 35. Bb2 Rde8 36. R3d2 Bg7 37. Rc2 Bh6 38. Bc1 Ng7 39. Bf3 f5 40. Be2 Kc7
41. Bb5 Rd8 42. Re2 Re4 43. Rde1 Ne6 44. f3 Rxe2 45. Rxe2 Nxd4 46. Re7+ Kc8 47.
Bb2 Bf8 48. Rf7 Nxb5 49. axb5 Bxc5 50. Be5 Bd6 51. Bd4 Bxf4 52. Bb6 Rg8 53.
Bxa5 Be5 54. Bxb4 Rg7 55. Rf8+ Kd7 56. Bd2 Kc7 57. Ba5+ Kd7 58. Bd2 Kc7 59.
Ba5+ b6 60. Bd2 Re7 61. Ra8 Kd7 62. Bg5 Re8 63. Ra7+ Ke6 64. Rb7 Bd4 65. Rc7 f4
66. Bxf4 Kf5 67. Rf7+ Bf6 68. Bd2 Re6 69. Bc3 Rd6 70. Bd4 g5 71. Bxf6 Rxf6 72.
Rb7 Ke5 73. Ke2 d4 74. Rg7 Kf4 75. Rd7 Re6+ 76. Kf2 Ke5 77. Rg7 Kf5 78. Rd7 Re5
79. Rxd4 Rxb5 80. b4 1/2-1/2

[Event "Interno Biblioteca Torre Blanca"]
[Site "?"]
[Date "2006.05.24"]
[Round "5"]
[White "Arguiñariz, Enrique"]
[Black "Maucci, Marcelo"]
[Result "1-0"]
[WhiteElo "2083"]
[BlackElo "2010"]
[PlyCount "75"]
[EventDate "2006.05.11"]

1. d4 Nf6 2. c4 e6 3. Nf3 b6 4. Nc3 Bb4 5. Qc2 Bb7 6. Bg5 h6 7. Bh4 g5 8. Bg3
Ne4 9. e3 Bxc3+ 10. bxc3 d6 11. Nd2 Nxg3 12. hxg3 Nd7 13. f3 Qe7 14. Bd3 O-O-O
15. Kf2 Kb8 16. a4 a5 17. Be4 d5 18. Bd3 e5 19. cxd5 g4 20. c4 gxf3 21. gxf3
exd4 22. exd4 Qf6 23. Rh4 Rdg8 24. Bf5 Nf8 25. Qe4 Ng6 26. Bxg6 Rxg6 27. Qe5
Qd8 28. Re1 Rhg8 29. Rh3 Qd7 30. g4 Qxa4 31. Qf4 Qb4 32. Rxh6 R6g7 33. Rb1 Qe7
34. Rhxb6 Qh4+ 35. Ke3 Re8+ 36. Kd3 f5 37. Rxb7+ Ka8 38. R7b5 1-0

[Event "Interno Biblioteca Torre Blanca"]
[Site "?"]
[Date "2006.05.29"]
[Round "6"]
[White "Bernal, Gustavo"]
[Black "Sanz, Pablo"]
[Result "1/2-1/2"]
[WhiteElo "2138"]
[BlackElo "2057"]
[PlyCount "118"]
[EventDate "2006.05.11"]

1. Nf3 Nf6 2. b4 g6 3. Bb2 Bg7 4. e3 d6 5. d4 c6 6. a4 Nbd7 7. Be2 Qc7 8. O-O
O-O 9. c4 e5 10. Nc3 Re8 11. dxe5 dxe5 12. a5 e4 13. Nd2 Nf8 14. Qc2 Bf5 15.
Rfd1 h5 16. Nf1 h4 17. Na4 Ne6 18. Nc5 Nxc5 19. bxc5 Nd7 20. Bxg7 Kxg7 21. Qb2+
f6 22. a6 Nxc5 23. axb7 Qxb7 24. Qa3 Qe7 25. g4 Be6 26. Qc3 g5 27. Ra5 Kf7 28.
f4 exf3 29. Bxf3 Rac8 30. Qb4 Nd7 31. c5 Ne5 32. Be2 Red8 33. Rxd8 Rxd8 34. Nd2
Bxg4 35. Bxg4 Nxg4 36. Qb3+ Kg7 37. Nc4 Rd7 38. h3 Ne5 39. Nd6 Kf8 40. Rxa7 Qd8
41. Qa3 Rxa7 42. Qxa7 Qd7 43. Qb8+ Kg7 44. Kg2 g4 45. e4 gxh3+ 46. Kh2 Kh7 47.
Qf8 Nf3+ 48. Kh1 Qg4 49. Qf7+ Kh8 50. Qxf6+ Kh7 51. Qf7+ Kh8 52. Qf8+ Kh7 53.
Qf5+ Qxf5 54. Nxf5 Nd2 55. e5 Ne4 56. e6 Kg6 57. Ne7+ Kf6 58. Nxc6 Kxe6 59.
Nd4+ Ke5 1/2-1/2

[Event "Interno Biblioteca Torre Blanca"]
[Site "?"]
[Date "2006.05.29"]
[Round "6"]
[White "Gibson, Tomas"]
[Black "Montoro, Gustavo"]
[Result "0-1"]
[WhiteElo "2167"]
[BlackElo "2097"]
[PlyCount "58"]
[EventDate "2006.05.11"]

1. d4 e6 2. c4 b6 3. e4 Bb7 4. Nc3 Bb4 5. f3 f5 6. exf5 Nh6 7. fxe6 O-O 8. g3
Nf5 9. Bg2 dxe6 10. Nge2 Nh4 11. gxh4 Qxh4+ 12. Ng3 Nc6 13. Be3 Rad8 14. f4 e5
15. O-O exd4 16. Qa4 dxe3 17. Nce2 Rf6 18. Rfd1 Bd2 19. c5 Rh6 20. h3 Kh8 21.
cxb6 axb6 22. Qb5 Nd4 23. Qg5 Nxe2+ 24. Nxe2 Qf2+ 25. Kh2 Rd5 26. Qg4 Rdh5 27.
Rg1 Rxh3+ 28. Qxh3 Rxh3+ 29. Kxh3 Bc8+ 0-1

[Event "Interno Biblioteca Torre Blanca"]
[Site "?"]
[Date "2006.05.29"]
[Round "6"]
[White "Pedro, Fernando"]
[Black "Justo, Virginia"]
[Result "1/2-1/2"]
[WhiteElo "2154"]
[BlackElo "2172"]
[PlyCount "71"]
[EventDate "2006.05.11"]

1. e4 c5 2. Nf3 e6 3. d4 cxd4 4. Nxd4 a6 5. Nc3 Qc7 6. g3 Nc6 7. Bg2 Nge7 8.
Nde2 Ng6 9. O-O Bc5 10. Kh1 Nge5 11. h3 d6 12. b3 b5 13. Bb2 O-O 14. f4 Nd7 15.
Qd2 Bb7 16. g4 Rac8 17. Ng3 Ne7 18. Nce2 e5 19. Nf5 Nxf5 20. gxf5 Nf6 21. Ng3
Rfe8 22. Rad1 b4 23. c4 bxc3 24. Qxc3 Qb6 25. Qf3 a5 26. Nh5 Nxh5 27. Qxh5 f6
28. fxe5 dxe5 29. Rd7 Re7 30. Rfd1 Bc6 31. Rxe7 Bxe7 32. Qe2 Bb5 33. Qd2 Rd8
34. Qc2 Rxd1+ 35. Qxd1 Bc6 36. Qc2 1/2-1/2

[Event "Interno Biblioteca Torre Blanca"]
[Site "?"]
[Date "2006.05.29"]
[Round "6"]
[White "Quarracino, Santiago"]
[Black "Maucci, Marcelo"]
[Result "1-0"]
[WhiteElo "2109"]
[BlackElo "2010"]
[PlyCount "61"]
[EventDate "2006.05.11"]

1. e4 c5 2. Nc3 Nc6 3. Nge2 e5 4. Nd5 Nce7 5. Nec3 Nxd5 6. Nxd5 Nf6 7. Nc3 Be7
8. Bc4 O-O 9. d3 d6 10. Bg5 Be6 11. Bxf6 Bxf6 12. O-O a6 13. a4 Bg5 14. a5 Bf6
15. Nd5 Bxd5 16. Bxd5 Rb8 17. c3 Qd7 18. Qb3 Bg5 19. h3 h5 20. Kh2 g6 21. g3 h4
22. Kg2 hxg3 23. fxg3 Kg7 24. Rf3 Bd8 25. Raf1 f6 26. g4 Bxa5 27. g5 Bd8 28.
Be6 Qc6 29. Qd1 Be7 30. Qe2 fxg5 31. Rf7+ 1-0

[Event "Interno Biblioteca Torre Blanca"]
[Site "?"]
[Date "2006.05.24"]
[Round "5"]
[White "Aberbach, Angel"]
[Black "Montoro, Gustavo"]
[Result "0-1"]
[WhiteElo "2080"]
[BlackElo "2097"]
[PlyCount "58"]
[EventDate "2006.05.11"]

1. d4 e6 2. e4 d5 3. e5 c5 4. c3 Nc6 5. Nf3 Bd7 6. Be2 Qb6 7. O-O a5 8. Na3
cxd4 9. cxd4 Nb4 10. Be3 Rc8 11. Ne1 Ne7 12. g4 h5 13. h3 hxg4 14. hxg4 Ng6 15.
Qd2 Be7 16. f4 Bc6 17. Nd3 Nxd3 18. Bxd3 Rh4 19. Be2 Kd7 20. Kg2 Rch8 21. Rh1
Bb4 22. Qd3 Be7 23. Rxh4 Nxh4+ 24. Kg3 Qxb2 25. Nc2 Ba4 26. Rc1 Rc8 27. Bd1 Rc3
28. Qd2 Ng6 29. f5 Bg5 0-1

[Event "Interno Biblioteca Torre Blanca"]
[Site "?"]
[Date "2006.05.31"]
[Round "7"]
[White "Justo, Virginia"]
[Black "Quarracino, Santiago"]
[Result "0-1"]
[WhiteElo "2172"]
[BlackElo "2109"]
[PlyCount "124"]
[EventDate "2006.05.11"]

1. e4 c6 2. d4 d5 3. Nd2 dxe4 4. Nxe4 Nd7 5. Nf3 Ngf6 6. Nxf6+ Nxf6 7. Be2 Bg4
8. O-O e6 9. Bg5 Be7 10. c3 Bxf3 11. Bxf3 Nd5 12. Bxe7 Qxe7 13. Re1 O-O 14. Re5
Rfd8 15. Qc2 Nf6 16. Rae1 Rac8 17. a4 b6 18. Qe2 Qd6 19. Qa6 Nd7 20. R5e3 Rc7
21. g3 g6 22. Rd1 Nf6 23. Qe2 Rcd7 24. Qc4 c5 25. dxc5 Qxc5 26. Rxd7 Rxd7 27.
Qxc5 bxc5 28. Re5 Nd5 29. c4 Nb6 30. Rxc5 Nxa4 31. Rc8+ Kg7 32. b4 Nb6 33. Rc6
Rd4 34. Be2 Rd2 35. Kf1 Rc2 36. f4 Na4 37. Rc7 Nc3 38. Bf3 Nb1 39. Ke1 Nd2 40.
Be2 Ra2 41. c5 Ne4 42. Rd7 a5 43. bxa5 Nxc5 44. Ra7 Ne4 45. Bd3 Nc5 46. Be2 Ne4
47. Bc4 Rc2 48. Bd3 Rc1+ 49. Ke2 Nc5 50. a6 Ra1 51. Bc4 Ra4 52. Bb5 Ra5 53. Be8
Rxa6 54. Rxf7+ Kg8 55. Rc7 Ne4 56. Bf7+ Kf8 57. Ke3 Nf6 58. Kd4 Nd5 59. Rb7 Ne7
60. Rxe7 Kxe7 61. Bg8 h6 62. Bh7 Kf6 0-1